00235nam a2200085Ia 4500245002900000100005300029942000700082008004100089999001900130 0aDie laaste legkaartstuk  a BRIEL. Elsa Pretoria. 2001 1ste druk 98325 cBK210825s9999 xx 000 0 und d c480893d480892